000 00528nam a22002057a 4500
005 20151222051406.0
008 111004s2013 nyuab 001 0 eng
020 _a9780073376844
020 _a0073376841
080 _a174.4
100 1 _aBaltzan, Paige.
245 1 0 _aBusiness driven technology /
_cPaige Baltzan.
250 _a5th ed.
260 _aNew York :
_bMcGraw-Hill/Irwin,
_c2013.
300 _a558 p. :
_bme il.;
_c29 cm.
650 0 _aBiznesi
650 0 _aOrganizimi
650 0 _aKompjuterat
942 _2udc
_cBK
999 _c784
_d784